000 01334cam a2200265 a 4500
003 OSt
005 20240530110427.0
008 120912s2013 paua f 001 0 eng
020 _a9781451175974
020 _a9781451187564
035 _a(DNLM)101592013
040 _aEG-CaGPL
_cEG-CaGPL
042 _apcc
082 0 0 _221
_a610.14\
_bC M
100 1 _aCohen, Barbara J.
245 1 0 _aMedical terminology :
_ban illustrated guide /
_cBarbara Janson Cohen, Ann DePetris.
250 _a7th ed.
260 _aPhiladelphia :
_bWolters Kluwer/Lippincott Williams & Wilkins Health,
_cc2013.
300 _axx, 683 p. :
_bcol. ill. ;
_c28 cm. +
_e1 CD-ROM (4 3/4 in.).
500 _aIncludes index.
505 0 _aConcepts of medical terminology -- Suffixes -- Prefixes -- Cells, tissues, and organs -- Body structure -- Disease -- Diagnosis and treatment. Surgery -- Drugs -- Circulation : the cardiovascular and lymphatic systems -- Blood and immunity -- The respiratory system -- The digestive system -- The urinary system -- The male reproductive system -- The female reproductive system. Pregnancy and birth -- The endocrine system -- The nervous system and behavioral disorders -- The senses -- The skeleton -- The muscular system -- The skin.
650 0 _aTerminology as Topic.
700 1 _aDePetris, Ann.
942 _2ddc
_cBK
999 _c60768
_d60768